000 01273nam a22003377a 4500
003 CHAP
005 20241105180613.0
008 971013s1955 r 00010 d
010 _a38759
011 _a39731
035 _a43856
040 _cCHAP
082 _a338.476641
_bP45
100 0 0 _aPeña, Joaquín de la.
_986861
245 _aNotas sobre la industria azucarera de México
_b: exploración de la industria azucarera
260 _aMéxico :
_bEDIAPSA,
_c1955
300 _a119 h.
_b: ilus.
490 _aColección de temas económicos y políticos contemporáneos de México
590 _aBATCH-UPD
_b10
_c20130109
_lUCH01
_h2343
590 _aBATCH-UPD
_b10
_c20130110
_lUCH01
_h2246
590 _aBATCH-UPD
_b10
_c20130409
_lUCH01
_h1913
590 _aBATCH-UPD
_b10
_c20130410
_lUCH01
_h1540
590 _aBATCH-UPD
_b10
_c20130914
_lUCH01
_h1634
590 _aCONVERSION
_b10
_c20130109
_lUCH01
_h1322
650 1 7 _aIndustria azucarera
_zMéxico
_2
_957791
830 0 _aColección de temas económicos y políticos contemporáneos de México
_924811
901 _aBK
942 _cLIBRO
949 _a338.476641 P45
_bBC
_cLIBRO
_d-100396
_eLIBRO
_fc.2
_h28314
_i43856
_si
_t12.00
949 _a338.476641 P45
_bBC
_cLIBRO
_d33724000417150
_eLIBRO
_h14036
_i43856
_mD
_si
_t12.00
999 _c38759
_d38759